| 000 | 00461cam a2200157ua 4500 | ||
|---|---|---|---|
| 003 | OSt | ||
| 008 | 250812b |||||||| |||| 00| 0 eng d | ||
| 041 | _aeng | ||
| 082 |
_a627.0954 _bBRI/HA |
||
| 100 |
_aBriscoe, John . _97710 |
||
| 245 | 0 | 0 | _aHand book of water resources in India: development, management and strategies / |
| 260 |
_aCalcutta : _bOxford University Press , _c2007. |
||
| 300 |
_a364 ; _eCD. |
||
| 700 | 1 |
_aMalik, R P S . _97711 |
|
| 942 | _cBK | ||
| 999 |
_c13268 _d13268 |
||